000 00687nam a2200241Ia 4500
005 20260430150708.0
008 008 250103s9999 xx 000 0 eng d
037 _aTheses
040 _aCRL
040 _beng
040 _ceng
041 _2eng
041 _aeng
084 _qCRL
100 _aShivhare Ramdas Au.; Panda Nabin Kumar Gu.
_91238238
245 0 _aTracing Historical Trajectories of Disability Movements in India and Japan (1947-2022)
260 _c2024
300 _a347p.
650 _aEast Asia - History
700 _aUniversity of Delhi. Faculty of Social Science. Deptt. of East Asian Studies
_91238239
942 _cTH
999 _c1850410
_d1850410